MARC

LEADER 00000nab a2200000 a 4500
001 vtls000383145
003 SK-MaSNL
005 20260304014910.0
008 131118c1990 xo 0 slo
015 |a SNBRB19rr/mm-uuuuu 
035 |a CL0383267 
040 |a SNKBUCL  |b slo  |c SNKBUCL  |e AACR2 
041 0 |a slo 
044 |a xo  |c SK 
080 |a 82.09:882-3(048)  |2 1981 
080 |a 882-3(048)  |2 1981 
100 1 |a Maliti Fraňová, Eva,  |d 1953-  |4 aut  |9 163294 
245 1 0 |a Svet Bulata Okudžavu  |c Eva Malievová 
650 0 7 |a satirické romány  |2 snkbucl  |9 51582 
650 0 7 |a romány spoločenské  |2 snkbucl  |9 402806 
655 7 |a články z novín a časopisov  |2 snkbucl  |9 267496 
655 7 |a články z odboru literárna veda a krásna literatúra  |2 snkbucl  |9 770045 
700 1 |a Okudžava, Bulat Šalvovič,  |d 1924-1997  |4 aut 
773 0 |t Romboid  |g Roč. 25, č. 3 (1990), s. 104-106 
787 0 8 |i Rec.:  |a Okudžava, Bulat  |t Šipovove dobrodružstvá  |d Bratislava : Tatran, 1989 
850 |a Slovenská národná knižnica v Martine  |a MTA001 
852 |a SNK  |b KIS3GCP 
958 |a RK 
958 |a LX 
958 |a SU 
992 |a RBX 
999 |c 2588331  |d 2590261